Statistics for Washington D.C. Trivia

Click here to take the quiz!

General Stats

  • This quiz has been taken 28,995 times
  • The average score is 14 of 20

Answer Stats

QuestionAnswer% Correct
What is the name of the building where the President lives?The White House
100%
What is the street address of that building?1600 {Pennsylvania}
Avenue
87%
Who was the most famous speaker at the 1963 March on Washington?Martin Luther King, Jr.
86%
What building, located in nearby Arlington County, serves as the headquarters
of the U.S. military?
The Pentagon
81%
On what river is Washington D.C. situated?Potomac
77%
What hotel and office complex was famously burglarized by Nixon cronies in 1972?Watergate
77%
What country gave D.C. its famous cherry trees in 1912?Japan
76%
What was the site of the Abraham Lincoln assasination?{Ford}'s Theatre
73%
What is the tallest structure in the city (not counting radio towers)?Washington Monument
71%
What chain of 30 government-run museums offers free admission?Smithsonian
70%
What motto appears on D.C. license plates?{Taxation} without
Representation
68%
In what war was D.C. burned?War of 1812
67%
What is the name for the area between the Capitol Building and the Lincoln Memorial?National {Mall}
66%
What newspaper did Woodward and Bernstein work for?The Washington Post
66%
What are D.C. two major airports?Ronald Reagan
61%
What name is shared by a D.C. neighborhood and a prestigious D.C. university?Georgetown
60%
What are D.C. two major airports?Washington Dulles
58%
What D.C. native sang "What's Going On"?Marvin Gaye
40%
In what neighborhood would you find the State Department headquarters?{Foggy} Bottom
38%
What mayor was caught smoking crack, but was elected again anyway?Marion Barry
27%

Score Distribution

Percentile by Number Answered

Percent of People with Each Score

Your Score History

You have not taken this quiz